000 00604nam a2200181Ia 4500
001 17137
005 20260306170403.0
008 260306t2021||||xx |||||||||||||| ||und||
041 _aESP
082 _a657.46
_bM86
100 _aMorales Mejía, Jaime
_eAUT
245 0 _aRepresentantes legales. Aspectos claves para no responder personalmente por la deuda tributaria de la empresa:
_bObligaciones tributarias con SUNAT. Pago: Aspectos claves que debe conocer para su extinción
260 _c2021
300 _a64 páginas :
_c24 cm.
650 _aGEN
654 _aCCO
942 _cLIB
_dJUS
_fJUS
_2ddc
_n
999 _c17137
_d17137